000
00272nam a22001217a 4500
008
170313b xxu||||| |||| 00| 0 eng d
020
_a
0721657729
080
_2
5TH
_a
7592
100
_a
7
101
_a
shm
245
_a
VETERINARY IMMUNOLOGY
_c
TIZARD, I.R
942
_2
udc
_c
BK
999
_c
7714
_d
7714